ბათუმის შოთა რუსთაველის სახელმწიფო უნივერსიტეტის ბიბლიოთეკა

физиотерапия и курортология. Кн.1 (ბიბ.ჩანაწერი № 45274)

000 -LEADER
fixed length control field 00887nam a2200229Ia 4500
001 - CONTROL NUMBER
control field 12098
003 - CONTROL NUMBER IDENTIFIER
control field GE_BSU
008 - FIXED-LENGTH DATA ELEMENTS--GENERAL INFORMATION
fixed length control field 181216s||||||||xx |||||||||||||| ||und||
020 ## - INTERNATIONAL STANDARD BOOK NUMBER
International Standard Book Number 9785951802736
040 ## - CATALOGING SOURCE
Transcribing agency GE_BSU
080 ## - UNIVERSAL DECIMAL CLASSIFICATION NUMBER
Universal Decimal Classification number 615.83+615.834
245 ## - TITLE STATEMENT
Title физиотерапия и курортология. Кн.1
245 ## - TITLE STATEMENT
Remainder of title Медицинская климатология и климатотерапия. Медицинская гидрология и теплогрязелечение.Преформированные физические факторы
245 ## - TITLE STATEMENT
Statement of responsibility, etc. Под.ред. В.М. Боголюбова Ред. К.В. Приказова
260 ## - PUBLICATION, DISTRIBUTION, ETC.
Place of publication, distribution, etc. Москва
260 ## - PUBLICATION, DISTRIBUTION, ETC.
Name of publisher, distributor, etc. Изд-во Бином
260 ## - PUBLICATION, DISTRIBUTION, ETC.
Date of publication, distribution, etc. 2012
300 ## - PHYSICAL DESCRIPTION
Extent 408стр.илл.24см.
653 ## - INDEX TERM--UNCONTROLLED
Uncontrolled term физиотерапия и курортология
942 ## - ADDED ENTRY ELEMENTS (KOHA)
Koha item type წიგნი
ეგზემპლარები
Withdrawn status Lost status Damaged status Not for loan Date acquired Barcode Date last seen Price effective from Koha item type
        2018-12-17 35967 2018-12-17 2018-12-17 წიგნი
        2018-12-17 35968 2018-12-17 2018-12-17 წიგნი
        2018-12-17 35969 2018-12-17 2018-12-17 წიგნი
        2018-12-17 35970 2018-12-17 2018-12-17 წიგნი
        2018-12-17 35971 2018-12-17 2018-12-17 წიგნი
        2018-12-17 35972 2018-12-17 2018-12-17 წიგნი